[Event "Kvika Reykjavik Open 2022"]
[Site "Reykjavik ISL"]
[Date "2022.04.07"]
[Round "3.46"]
[White "Player, Edmund C"]
[Black "Smith, Lynda"]
[Result "1-0"]
[BlackTitle "WCM"]
[WhiteElo "2196"]
[BlackElo "1772"]
[WhiteFideId "406520"]
[BlackFideId "1800191"]
[EventDate "2022.04.06"]

1. e4 c5 2. Nf3 g6 3. c4 Bg7 4. d4 cxd4 5. Nxd4 Nc6 6. Be3 Nf6 7. Nc3 d6 8. Be2
O-O 9. O-O Nxd4 10. Bxd4 Be6 11. Re1 Nd7 12. b3 Qa5 13. Bf1 Bxd4 14. Qxd4 Qc5
15. Qd2 Kg7 16. Nd5 Bxd5 17. exd5 Rae8 18. Re3 Nf6 19. Rae1 Qc7 20. Rh3 h5 21.
Rhe3 b6 22. Bd3 Qd7 23. Qe2 Ng8 24. Rg3 Nf6 25. f4 e6 26. dxe6 Rxe6 27. Rxg6+
fxg6 28. Qxe6 Rf7 29. Qe3 Ng4 30. Qd4+ Kh7 31. Qd5 Nf6 32. Qg5 1-0

[Event "Kvika Reykjavik Open 2022"]
[Site "Reykjavik ISL"]
[Date "2022.04.07"]
[Round "3.48"]
[White "Baecker, Niko"]
[Black "Romanishin, Oleg M"]
[Result "0-1"]
[BlackTitle "GM"]
[WhiteElo "1885"]
[BlackElo "2415"]
[WhiteFideId "1669141"]
[BlackFideId "14100088"]
[EventDate "2022.04.06"]

1. d4 Nf6 2. c4 e6 3. Nc3 Bb4 4. e3 O-O 5. Bd3 c5 6. Ne2 d5 7. O-O cxd4 8. exd4
dxc4 9. Bxc4 Nbd7 10. a3 Be7 11. Bf4 Nb6 12. Ba2 Bd7 13. Rc1 Bc6 14. b4 a6 15.
Qd3 Nbd5 16. Be5 Rc8 17. Bb1 g6 18. Rfd1 Nxc3 19. Nxc3 Nd5 20. Ne4 f6 21. Bg3 f5
22. Nc5 Bxc5 23. dxc5 f4 24. Qe4 Qf6 25. Bh4 Qxh4 26. Qxe6+ Kh8 27. Rxd5 Rce8
28. Qd6 Rf6 0-1

[Event "Kvika Reykjavik Open 2022"]
[Site "Reykjavik ISL"]
[Date "2022.04.07"]
[Round "3.49"]
[White "Schultze, Joerg-Martin"]
[Black "Thorhallsson, Simon"]
[Result "1-0"]
[BlackTitle "FM"]
[WhiteElo "1932"]
[BlackElo "2252"]
[WhiteFideId "12972070"]
[BlackFideId "2310090"]
[EventDate "2022.04.06"]

1. d4 Nf6 2. c4 g6 3. Nc3 Bg7 4. e4 d6 5. Be2 O-O 6. Be3 e5 7. d5 a5 8. g4 Na6
9. g5 Ne8 10. Bg4 f5 11. gxf6 Nxf6 12. Bxc8 Rxc8 13. Nh3 h6 14. Rg1 Kh7 15. Kd2
c6 16. Qf1 cxd5 17. Qg2 Qe8 18. cxd5 Nh5 19. Qg4 Nf4 20. Rg3 g5 21. Rag1 Qg6 22.
Bxf4 exf4 23. Nxf4 Rxf4 24. Qxf4 Nc5 25. Qg4 Bxc3+ 26. Rxc3 Nxe4+ 27. Ke3 Re8
28. Qd7+ Kh8 29. Rc8 Nf6+ 30. Rxe8+ Qxe8+ 31. Qxe8+ Nxe8 32. f4 gxf4+ 33. Kxf4
Nf6 34. Kf5 Nxd5 35. Ke6 Ne3 36. Kxd6 Nc4+ 37. Kc5 Nxb2 38. Kb6 1-0

[Event "Kvika Reykjavik Open 2022"]
[Site "Reykjavik ISL"]
[Date "2022.04.07"]
[Round "3.50"]
[White "Chapman, Terry P D"]
[Black "Haraldsson, Haraldur"]
[Result "0-1"]
[WhiteTitle "FM"]
[WhiteElo "2240"]
[BlackElo "1903"]
[WhiteFideId "413399"]
[BlackFideId "2311100"]
[EventDate "2022.04.06"]

1. Nf3 Nf6 2. c4 e6 3. g3 b6 4. Bg2 Bb7 5. O-O Be7 6. Nc3 O-O 7. Re1 d5 8. cxd5
exd5 9. d4 Nbd7 10. Bf4 a6 11. Rc1 Re8 12. Qc2 Bd6 13. Bxd6 cxd6 14. Qb3 Ra7 15.
Nh4 Qa8 16. Nf5 Re6 17. Ne3 Qe8 18. Nexd5 Nxd5 19. Bxd5 Bxd5 20. Qxd5 Nf6 21.
Qf3 b5 22. e3 Qd8 23. Nd5 Ne4 24. Re2 g6 25. Rec2 Qg5 26. Rc7 Rxc7 27. Rxc7 f5
28. Rc8+ Kg7 29. h4 Qg4 30. Qxg4 fxg4 31. Ra8 g5 32. hxg5 Nxg5 33. Ra7+ Kg8 34.
Ra8+ Kg7 35. Ra7+ Kg8 36. Rxa6 Rh6 37. Kf1 Ne4 38. Nf4 Rh1+ 39. Ke2 Rh2 40. Nd3
Nxg3+ 41. Ke1 Ne4 42. Rb6 h5 43. Rxb5 h4 44. Rh5 g3 45. Kf1 h3 46. Kg1 Rg2+ 47.
Kf1 gxf2 0-1

[Event "Kvika Reykjavik Open 2022"]
[Site "Reykjavik ISL"]
[Date "2022.04.07"]
[Round "3.51"]
[White "Mirza, Diana"]
[Black "Povah, Nigel E"]
[Result "1/2-1/2"]
[WhiteTitle "WFM"]
[BlackTitle "IM"]
[WhiteElo "1905"]
[BlackElo "2216"]
[WhiteFideId "2503999"]
[BlackFideId "400467"]
[EventDate "2022.04.06"]

1. e4 c5 2. Nf3 Nc6 3. Bb5 Nf6 4. Bxc6 dxc6 5. d3 Bg4 6. h3 Bh5 7. b3 Qc7 8. g4
Bg6 9. Bb2 Nd7 10. e5 e6 11. Qe2 Be7 12. Nbd2 Qa5 13. a3 O-O-O 14. O-O-O Nb6 15.
Ne4 h5 16. Nfd2 hxg4 17. hxg4 Rxh1 18. Rxh1 c4 19. Nxc4 Nxc4 20. bxc4 Bxa3 21.
Nd6+ Kc7 22. Qe1 Bxb2+ 23. Kxb2 Qb6+ 24. Ka2 Qa6+ 25. Kb2 Qb6+ 26. Ka2 Qa6+ 1/2-1/2

[Event "Kvika Reykjavik Open 2022"]
[Site "Reykjavik ISL"]
[Date "2022.04.07"]
[Round "3.52"]
[White "Vemparala, Nikash"]
[Black "Roe, Simon J"]
[Result "0-1"]
[WhiteElo "1923"]
[BlackElo "2211"]
[WhiteFideId "30960967"]
[BlackFideId "401471"]
[EventDate "2022.04.06"]

1. e4 Nf6 2. e5 Nd5 3. d4 d6 4. c4 Nb6 5. exd6 exd6 6. Be3 Be7 7. Bd3 Nc6 8. a3
Bf6 9. Ne2 Bg4 10. f3 Bh5 11. O-O Bg6 12. Nbc3 O-O 13. Ne4 d5 14. Nxf6+ Qxf6 15.
c5 Nc4 16. Bxc4 dxc4 17. Nf4 Rfe8 18. Qd2 Rad8 19. Nxg6 Qxg6 20. Rfd1 Ne5 21.
Kh1 Nd3 22. b3 Nxc5 23. Qc3 Nxb3 24. Rab1 b5 25. Re1 h6 26. h3 c5 0-1

[Event "Kvika Reykjavik Open 2022"]
[Site "Reykjavik ISL"]
[Date "2022.04.07"]
[Round "3.53"]
[White "Ptacnikova, Lenka"]
[Black "Mitra, Akash"]
[Result "0-1"]
[WhiteTitle "WGM"]
[WhiteElo "2186"]
[BlackElo "1866"]
[WhiteFideId "305650"]
[BlackFideId "1726714"]
[EventDate "2022.04.06"]

1. c4 Nf6 2. Nc3 g6 3. d4 Bg7 4. e4 d6 5. Be2 O-O 6. Be3 e5 7. d5 a5 8. g4 Na6
9. h4 Ne8 10. h5 f5 11. hxg6 hxg6 12. gxf5 gxf5 13. exf5 Bxf5 14. Bg4 Qf6 15.
Qf3 Nc5 16. Bxf5 Qxf5 17. Qxf5 Rxf5 18. O-O-O Nf6 19. f3 Kf7 20. Nh3 Ke7 21. Ng5
Rg8 22. Nce4 Nfxe4 23. fxe4 Rf6 24. Rdf1 Rxf1+ 25. Rxf1 Bh6 26. Rf7+ Ke8 27.
Rxc7 Bxg5 0-1

[Event "Kvika Reykjavik Open 2022"]
[Site "Reykjavik ISL"]
[Date "2022.04.07"]
[Round "3.54"]
[White "Louis, Thibault"]
[Black "Zheng, Harry Z"]
[Result "1-0"]
[WhiteTitle "FM"]
[WhiteElo "2181"]
[BlackElo "1873"]
[WhiteFideId "681369"]
[BlackFideId "460982"]
[EventDate "2022.04.06"]

1. e4 e5 2. Nf3 Nc6 3. Bb5 a6 4. Ba4 Nf6 5. O-O Be7 6. Re1 b5 7. Bb3 d6 8. c3
O-O 9. d4 Bg4 10. Be3 Bxf3 11. Qxf3 Na5 12. Bc2 c5 13. dxe5 dxe5 14. Nd2 Qc7 15.
Rad1 Rfd8 16. Nf1 Nc4 17. Bc1 g6 18. b3 Nb6 19. Rxd8+ Rxd8 20. Rd1 Rxd1 21. Qxd1
Qd6 22. Qxd6 Bxd6 23. f3 h5 24. Kf2 Kf8 25. Ke2 Nfd7 26. Be3 Ke7 27. Nd2 a5 28.
Bd3 b4 29. Nc4 Nxc4 30. Bxc4 Nf8 31. Kd3 Nd7 32. Bg5+ f6 33. Be3 Nb6 34. Ba6 f5
35. Bg5+ Ke8 36. Bb5+ Nd7 37. cxb4 cxb4 38. Kc4 Be7 39. Bxe7 Kxe7 40. Bxd7 Kxd7
41. Kd5 fxe4 42. fxe4 Ke7 43. Kxe5 h4 44. g3 h3 45. g4 Kf7 46. g5 Ke7 47. Kd5
Kd7 48. e5 Ke7 49. e6 Ke8 50. Kd6 Kd8 51. e7+ Ke8 52. Ke6 a4 53. Kf6 a3 54. Kxg6
Kxe7 55. Kh7 Ke6 56. g6 Ke5 57. g7 Kd4 58. g8=Q 1-0

[Event "Kvika Reykjavik Open 2022"]
[Site "Reykjavik ISL"]
[Date "2022.04.07"]
[Round "3.55"]
[White "Mai, Alexander Oliver"]
[Black "Larkin, Benjamin"]
[Result "1/2-1/2"]
[WhiteElo "2177"]
[BlackElo "1857"]
[WhiteFideId "2313391"]
[BlackFideId "479977"]
[EventDate "2022.04.06"]

1. e4 c6 2. d4 d5 3. e5 c5 4. Nf3 cxd4 5. Nxd4 e6 6. Bd3 Nc6 7. Nxc6 bxc6 8. O-O
Ne7 9. Nd2 Ng6 10. Nf3 Be7 11. Qe2 O-O 12. g3 f6 13. Bxg6 hxg6 14. Qd3 Kf7 15.
Re1 g5 16. c3 f5 17. Bd2 g4 18. Nd4 c5 19. Nc6 Qc7 20. Nxe7 Qxe7 21. b4 Bb7 22.
bxc5 Qxc5 23. Rab1 Qc6 24. Qd4 Ba6 25. Rb4 Rfc8 26. Reb1 Rc7 27. R1b3 Bc4 28.
Rb2 Rd8 29. Be3 Rdd7 30. Kg2 Rb7 31. Rxb7 Rxb7 32. Rxb7+ Qxb7 33. Qxa7 Qxa7 34.
Bxa7 Bxa2 1/2-1/2

[Event "Kvika Reykjavik Open 2022"]
[Site "Reykjavik ISL"]
[Date "2022.04.07"]
[Round "3.56"]
[White "Ingvason, Johann"]
[Black "Hermes, Geoff R"]
[Result "1-0"]
[WhiteElo "2172"]
[BlackElo "1837"]
[WhiteFideId "2301431"]
[BlackFideId "423254"]
[EventDate "2022.04.06"]

1. e4 d6 2. d4 Nf6 3. Bd3 e5 4. d5 Be7 5. c4 O-O 6. Ne2 Nbd7 7. Ng3 Nc5 8. Bc2
c6 9. O-O a5 10. Nc3 Bd7 11. a4 Na6 12. Ra3 Nb4 13. Bb1 Qc7 14. h3 Qc8 15. Kh2
h6 16. f4 exf4 17. Bxf4 cxd5 18. cxd5 Qc5 19. Qf3 Nh7 20. Be3 Qc4 21. Nb5 Bxb5
22. Rc3 Qxf1 23. Nxf1 Bxf1 24. Qxf1 Bf6 25. e5 Bxe5+ 26. Bf4 Bxf4+ 27. Qxf4 Nf6
28. Rg3 Kh8 29. Qxd6 Rfd8 30. Qb6 Nbxd5 31. Qxb7 Rab8 32. Qxf7 Rd7 33. Qe6 Rb6
34. Qe1 Nb4 35. Bf5 Rc7 36. Qe5 Nbd5 37. Rc3 Rxc3 38. bxc3 Rb7 39. Qd6 Re7 40.
Qd8+ Re8 41. Qxa5 Ne3 42. Bg6 Rc8 43. Qa6 Rf8 44. Qe6 Ned5 45. Qd6 Rc8 46. c4
Rxc4 47. Qd8+ Ng8 48. Bf7 1-0

[Event "Kvika Reykjavik Open 2022"]
[Site "Reykjavik ISL"]
[Date "2022.04.07"]
[Round "3.57"]
[White "Gudmundsson, Gunnar Erik"]
[Black "Wichtrup, Jan-Louis"]
[Result "1-0"]
[WhiteElo "1904"]
[BlackElo "2166"]
[WhiteFideId "2314339"]
[BlackFideId "16229355"]
[EventDate "2022.04.06"]

1. d4 Nf6 2. c4 e6 3. Nc3 d5 4. cxd5 Nxd5 5. e4 Nxc3 6. bxc3 c5 7. Nf3 cxd4 8.
cxd4 Bb4+ 9. Bd2 Bxd2+ 10. Qxd2 O-O 11. Be2 b6 12. O-O Bb7 13. Qf4 Nd7 14. e5
Rc8 15. Rac1 Nb8 16. Rfd1 Rxc1 17. Rxc1 Nc6 18. Bd3 Nb4 19. Be4 Bxe4 20. Qxe4
Qd7 21. Ng5 g6 22. Qh4 h5 23. Ne4 Nd5 24. g4 Qd8 25. Qh3 hxg4 26. Qh6 f6 27.
Qxg6+ Kh8 28. Qh5+ Kg7 29. Qxg4+ Kh6 30. Qh4+ Kg6 31. Qg4+ Kh6 32. Kh1 Rg8 33.
Qh4+ Kg6 34. Rg1+ Kf5 35. Nd6+ 1-0

[Event "Kvika Reykjavik Open 2022"]
[Site "Reykjavik ISL"]
[Date "2022.04.07"]
[Round "3.58"]
[White "Sarkisian, Arman"]
[Black "Garbuz, Vitaliy"]
[Result "1/2-1/2"]
[WhiteElo "1862"]
[BlackElo "2142"]
[WhiteFideId "261858"]
[BlackFideId "12990710"]
[EventDate "2022.04.06"]

1. d4 Nf6 2. Nc3 c5 3. dxc5 e5 4. Be3 Ng4 5. Qd5 Nc6 6. O-O-O Nxe3 7. fxe3 Be7
8. Nf3 O-O 9. Nxe5 Nxe5 10. Qxe5 Bf6 11. Qd5 Bxc3 12. bxc3 1/2-1/2

[Event "Kvika Reykjavik Open 2022"]
[Site "Reykjavik ISL"]
[Date "2022.04.07"]
[Round "3.59"]
[White "Johannsson, Birkir Isak"]
[Black "Sigurthorsson, Kristinn J"]
[Result "1-0"]
[WhiteElo "2117"]
[BlackElo "1818"]
[WhiteFideId "2314673"]
[BlackFideId "2311585"]
[EventDate "2022.04.06"]

1. d4 d5 2. c4 c6 3. Nf3 Nf6 4. Nbd2 g6 5. e3 Bg7 6. b4 O-O 7. a4 a5 8. b5 c5 9.
dxc5 Ne4 10. Nxe4 Bxa1 11. cxd5 Bf5 12. Ng3 Bc3+ 13. Bd2 Bxd2+ 14. Nxd2 Qxd5 15.
e4 Qxc5 16. exf5 Rd8 17. fxg6 hxg6 18. Nge4 Qb4 19. Bc4 Nd7 20. O-O Nc5 21. Qf3
Ne6 22. Bxe6 fxe6 23. Qg4 Kg7 24. Nf3 1-0

[Event "Kvika Reykjavik Open 2022"]
[Site "Reykjavik ISL"]
[Date "2022.04.07"]
[Round "3.60"]
[White "Herrera, Diego"]
[Black "Kracht, Raphael"]
[Result "1/2-1/2"]
[WhiteElo "1832"]
[BlackElo "2101"]
[WhiteFideId "6601170"]
[BlackFideId "16214382"]
[EventDate "2022.04.06"]

1. e4 e5 2. Bc4 Nf6 3. d4 exd4 4. Nf3 Nc6 5. e5 d5 6. Bb5 Nd7 7. Bxc6 bxc6 8.
Qxd4 Bc5 9. Qa4 Bb7 10. O-O O-O 11. Re1 f6 12. exf6 Nxf6 13. Bg5 h6 14. Bh4 g5
15. Bg3 Ne4 16. Nbd2 Nxg3 17. hxg3 Qd7 18. Re2 Rae8 19. Rae1 Rxe2 20. Rxe2 Rf5
21. Nb3 Bb6 22. Nbd4 Rf7 23. c3 1/2-1/2

[Event "Kvika Reykjavik Open 2022"]
[Site "Reykjavik ISL"]
[Date "2022.04.07"]
[Round "3.61"]
[White "Labrovic, Jakov"]
[Black "Foerster-Yialamas, Lucas"]
[Result "0-1"]
[BlackTitle "CM"]
[WhiteElo "1806"]
[BlackElo "2075"]
[WhiteFideId "14549786"]
[BlackFideId "30901774"]
[EventDate "2022.04.06"]

1. e4 c5 2. Nf3 d6 3. Bc4 e6 4. Nc3 a6 5. a4 Be7 6. d4 cxd4 7. Nxd4 Nf6 8. O-O
Qc7 9. Bb3 O-O 10. Be3 Re8 11. f4 Nbd7 12. Qf3 Nc5 13. g4 b6 14. Nde2 Bb7 15.
Ng3 Qc6 16. g5 Nfxe4 17. Ncxe4 Nxe4 18. Qxe4 Qxe4 19. Nxe4 Bxe4 20. Bxb6 Rec8
21. Rac1 Rab8 22. Be3 d5 23. Kf2 Bd6 24. Kg3 e5 25. h4 Rb4 26. Bd2 Rb7 27. f5 d4
28. h5 Kh8 29. g6 f6 30. h6 hxg6 31. fxg6 Bxg6 32. Rh1 e4+ 33. Bf4 Bxf4+ 34.
Kxf4 gxh6 35. Rxh6+ Kg7 36. Rh2 Rxb3 0-1

[Event "Kvika Reykjavik Open 2022"]
[Site "Reykjavik ISL"]
[Date "2022.04.07"]
[Round "3.62"]
[White "Heer, Stephan"]
[Black "Galow, Michael"]
[Result "1-0"]
[WhiteElo "2067"]
[BlackElo "1740"]
[WhiteFideId "1302345"]
[BlackFideId "16234596"]
[EventDate "2022.04.06"]

1. Nf3 f5 2. d3 Nc6 3. Nbd2 Nf6 4. g3 e5 5. c3 Be7 6. b4 d6 7. Qb3 a5 8. b5 a4
9. Qc2 Nb8 10. Bg2 O-O 11. e4 Qe8 12. Rb1 f4 13. d4 Qh5 14. Ba3 Bh3 15. Bxh3
Qxh3 16. dxe5 Ng4 17. Qd3 fxg3 18. fxg3 Nd7 19. exd6 cxd6 20. Bxd6 Bxd6 21. Qxd6
Rad8 22. Rf1 Kh8 23. Ng5 Rxf1+ 24. Nxf1 Nge5 1-0

[Event "Kvika Reykjavik Open 2022"]
[Site "Reykjavik ISL"]
[Date "2022.04.07"]
[Round "3.63"]
[White "Finnsson, Johann Arnar"]
[Black "Held, Thomas"]
[Result "1-0"]
[WhiteElo "1805"]
[BlackElo "2054"]
[WhiteFideId "2308240"]
[BlackFideId "1308335"]
[EventDate "2022.04.06"]

1. g3 d5 2. Bg2 Nf6 3. c4 c6 4. cxd5 cxd5 5. Nc3 Nc6 6. d3 h6 7. Nf3 e5 8. O-O
Be6 9. d4 e4 10. Ne5 Rc8 11. Qa4 a6 12. e3 Qa5 13. Qxa5 Nxa5 14. Bd2 Nc4 15.
Nxc4 Rxc4 16. Rfc1 Bd6 17. Bf1 Rc8 18. Na4 Ke7 19. Nc5 Bxc5 20. dxc5 Nd7 21. b4
Ne5 22. Bc3 f6 23. Kg2 g5 24. h3 Rhd8 25. Bd4 Nc6 26. Rab1 Bd7 27. Be2 Na7 28.
Ra1 Ba4 29. Bd1 Bb5 30. a4 Bd3 31. Bc2 Bc4 32. Bxe4 Nc6 33. Bf5 Rc7 34. Rcb1 a5
35. b5 Nb4 36. c6 bxc6 37. Bb6 Rdd7 38. Bxa5 1-0

[Event "Kvika Reykjavik Open 2022"]
[Site "Reykjavik ISL"]
[Date "2022.04.07"]
[Round "3.64"]
[White "Marzik, Hans"]
[Black "Kristinsson, Magnus"]
[Result "1-0"]
[WhiteElo "2050"]
[BlackElo "1734"]
[WhiteFideId "16254686"]
[BlackFideId "2305682"]
[EventDate "2022.04.06"]

1. d4 Nf6 2. c4 g6 3. f3 d5 4. cxd5 Nxd5 5. e4 Nb6 6. Be3 Bg7 7. Nc3 O-O 8. Qd2
Nc6 9. O-O-O a5 10. Bb5 Na7 11. Be2 Nc6 12. h4 Re8 13. g4 e5 14. d5 Nd4 15. h5
c6 16. dxc6 Qc7 17. Kb1 Qxc6 18. Bd3 Be6 19. Qh2 Nc4 20. Bxc4 Qxc4 21. hxg6 hxg6
22. Qh7+ Kf8 23. Bh6 Bxh6 24. Qxh6+ Ke7 25. Qg5+ Kd6 26. f4 Kc6 27. Qxe5 Rad8
28. Qf6 Nb5 29. Nge2 Nxc3+ 30. Nxc3 Rd3 31. f5 Red8 32. fxe6 Rxd1+ 33. Rxd1
Rxd1+ 34. Nxd1 Qxe4+ 35. Kc1 fxe6 36. g5 b5 37. Qc3+ Kb6 38. Qe3+ Qxe3+ 39. Nxe3
Kc5 40. Ng2 e5 41. Nh4 1-0

[Event "Kvika Reykjavik Open 2022"]
[Site "Reykjavik ISL"]
[Date "2022.04.07"]
[Round "3.65"]
[White "Thorisson, Benedikt"]
[Black "Collins, Adam"]
[Result "0-1"]
[WhiteElo "1778"]
[BlackElo "2039"]
[WhiteFideId "2314576"]
[BlackFideId "2512300"]
[EventDate "2022.04.06"]

1. e4 c6 2. Nc3 d5 3. Nf3 Bg4 4. h3 Bh5 5. exd5 cxd5 6. d4 Nc6 7. Bb5 e6 8. Bf4
Bb4 9. O-O Bxc3 10. bxc3 Ne7 11. Rb1 O-O 12. Bd3 Ng6 13. Bxg6 fxg6 14. Bg3 Qd7
15. Kh2 Bxf3 16. gxf3 Na5 17. Qe2 Nc4 18. Rfe1 Rae8 19. Kg2 Rf5 20. Be5 b6 21.
f4 Ref8 22. Rf1 Qe7 23. Rbe1 g5 24. fxg5 Nxe5 25. dxe5 Qxg5+ 26. Qg4 Rxe5 27.
Qxg5 Rxg5+ 28. Kh2 Rg6 29. Re2 Rf3 30. Re3 Rxe3 31. fxe3 Rf6 32. Rxf6 gxf6 33.
Kg3 Kf7 34. Kf4 Kg6 35. Kg4 f5+ 36. Kf4 Kf6 37. h4 h5 38. Kg3 Ke5 39. Kf3 b5 40.
a3 a6 41. Kf2 Ke4 42. Ke2 e5 43. Kf2 f4 44. exf4 Kxf4 45. Ke2 Kg4 46. Ke3 Kxh4
47. c4 bxc4 0-1

[Event "Kvika Reykjavik Open 2022"]
[Site "Reykjavik ISL"]
[Date "2022.04.07"]
[Round "3.66"]
[White "Hauksdottir, Hrund"]
[Black "Magnusson, Magnus"]
[Result "1-0"]
[WhiteElo "1746"]
[BlackElo "2014"]
[WhiteFideId "2302608"]
[BlackFideId "2302128"]
[EventDate "2022.04.06"]

1. e4 e5 2. Nf3 Nc6 3. Bc4 Nf6 4. d3 Bc5 5. c3 d6 6. O-O Bg4 7. h3 Bh5 8. a4 a5
9. Nbd2 g5 10. Qb3 Bb6 11. Nxg5 Qd7 12. Kh2 Rg8 13. f4 exf4 14. Rxf4 Rxg5 15.
Rxf6 Ne5 16. d4 Nc6 17. Nf3 Rg7 18. Bh6 Rg8 19. Ng5 O-O-O 20. Nxf7 Qe7 21. Nxd8
Nxd4 22. cxd4 Rxg2+ 23. Kxg2 Qxf6 24. Nf7 Bxd4 25. Rf1 Qg6+ 26. Kh2 Qxe4 27. Qd3
Be5+ 28. Nxe5 Qxe5+ 1-0

[Event "Kvika Reykjavik Open 2022"]
[Site "Reykjavik ISL"]
[Date "2022.04.07"]
[Round "3.67"]
[White "Haugen, Lars Tormod"]
[Black "Thorsteinsdottir, Hallgerdur"]
[Result "1-0"]
[BlackTitle "WFM"]
[WhiteElo "1741"]
[BlackElo "1981"]
[WhiteFideId "1559966"]
[BlackFideId "2302454"]
[EventDate "2022.04.06"]

1. c4 Nf6 2. Nc3 d5 3. cxd5 Nxd5 4. Qc2 Nc6 5. Qb3 Nb6 6. Nf3 Be6 7. Qd1 g6 8.
d4 Bg7 9. e3 O-O 10. Be2 Bc4 11. O-O Qd7 12. Bxc4 Nxc4 13. Qc2 b6 14. b3 Nd6 15.
Ba3 e5 16. d5 Ne7 17. Rad1 Rfd8 18. e4 c5 19. dxc6 Qxc6 20. Qd3 Nb7 21. Qe3 Nc5
22. Bxc5 bxc5 23. Na4 Rd4 24. Nxd4 cxd4 25. Qd3 Bh6 26. Rfe1 Rc8 27. Nb2 a5 28.
Nc4 Qc5 29. h4 Nc6 30. a3 Nd8 31. h5 Kg7 32. hxg6 hxg6 33. g3 Ne6 34. Kg2 a4 35.
Nb2 Qxa3 36. Nxa4 Nc5 37. Nxc5 Rxc5 38. Ra1 Qb4 39. Rab1 Rc3 40. Qd1 d3 41. Rh1
Qd4 42. Qf3 Rc2 43. b4 Be3 44. Rh7+ Kxh7 45. Qxf7+ Kh6 46. Rh1+ Kg5 47. Qe7+ Kg4
48. Rh4# 1-0

[Event "Kvika Reykjavik Open 2022"]
[Site "Reykjavik ISL"]
[Date "2022.04.07"]
[Round "3.68"]
[White "Kristinsson, Ogmundur"]
[Black "Moller, Tomas"]
[Result "1/2-1/2"]
[WhiteElo "1969"]
[BlackElo "1340"]
[WhiteFideId "2304724"]
[BlackFideId "2315343"]
[EventDate "2022.04.06"]

1. c4 f5 2. d4 d6 3. g3 Nf6 4. Bg2 g6 5. Nf3 Bg7 6. Nc3 O-O 7. O-O Nc6 8. b3 e5
9. Bb2 Bd7 10. dxe5 dxe5 11. e3 e4 12. Ne1 Be6 13. Nb5 Rc8 14. Nc2 a6 15. Nbd4
Nxd4 16. Nxd4 Qe7 17. Qc2 Rfd8 18. Rfd1 c5 19. Ne2 b6 20. Nf4 Bf7 21. a3 Rc7 22.
Rxd8+ Qxd8 23. Rd1 Rd7 24. Rxd7 Qxd7 25. b4 cxb4 26. axb4 Qc7 27. Bf1 g5 28. Ng2
Nd7 29. Bxg7 Kxg7 30. h4 h6 31. hxg5 hxg5 32. Ne1 Kg6 33. g4 Be6 34. gxf5+ Bxf5
35. Qa4 a5 36. Nc2 axb4 37. Nd4 Nf6 38. Nxf5 Kxf5 39. Qxb4 Qc5 40. Qa4 Qd6 41.
Qc2 Qe5 42. Qb3 Ng4 43. Bg2 Qa5 44. Bf1 Qe5 1/2-1/2

[Event "Kvika Reykjavik Open 2022"]
[Site "Reykjavik ISL"]
[Date "2022.04.07"]
[Round "3.69"]
[White "Stefansson, Benedikt"]
[Black "Tirziman, Rudolf"]
[Result "1/2-1/2"]
[WhiteElo "1493"]
[BlackElo "1963"]
[WhiteFideId "2312379"]
[BlackFideId "2508664"]
[EventDate "2022.04.06"]

1. e4 c5 2. Nf3 e6 3. d4 cxd4 4. Nxd4 a6 5. Nc3 Qc7 6. g3 b5 7. a3 Bb7 8. Bg2 d6
9. O-O Nf6 10. Bg5 Nbd7 11. h3 Be7 12. Bxf6 Nxf6 13. Kh2 O-O 14. Qd2 Rfd8 15.
Rad1 d5 16. exd5 Nxd5 17. Nxd5 Bxd5 18. Bxd5 Rxd5 19. Qe2 Qd7 20. c3 Rd8 21.
Rde1 Bf6 22. Nf3 g6 23. Rc1 a5 24. Rc2 Qd6 25. Rfc1 h5 26. h4 Qb6 27. Rd2 Rxd2
28. Nxd2 Rd5 29. Nf3 Qd6 30. Rc2 b4 31. axb4 axb4 32. c4 Rf5 33. b3 Bc3 34. Ng5
Qd4 35. f4 Ra5 36. Nf3 Qf6 37. Nd2 Ra1 38. Qd3 Qd4 39. Qxd4 Bxd4 40. c5 Ra7 41.
Ne4 Rc7 42. Rc4 f5 43. Rxd4 fxe4 44. Rxe4 Rxc5 45. Rxb4 Rc2+ 46. Kh3 Kg7 47.
Rb7+ Kg8 48. b4 Rb2 49. b5 Kf8 50. b6 Kg8 51. Rb8+ Kg7 52. b7 Kh7 53. Re8 Rxb7
54. Rxe6 Rb2 55. Re3 Kg7 56. g4 hxg4+ 57. Kxg4 Kf6 58. Rc3 Rg2+ 59. Rg3 Ra2 60.
Rb3 Rg2+ 61. Rg3 1/2-1/2

[Event "Kvika Reykjavik Open 2022"]
[Site "Reykjavik ISL"]
[Date "2022.04.07"]
[Round "3.71"]
[White "Olesen, Poul Erik Norgaard"]
[Black "De Winter, Eric"]
[Result "1-0"]
[WhiteElo "2010"]
[BlackElo "1722"]
[WhiteFideId "1404253"]
[BlackFideId "1033069"]
[EventDate "2022.04.06"]

1. e4 c5 2. Nf3 Nc6 3. d4 cxd4 4. Nxd4 Nf6 5. Nc3 e5 6. Ndb5 d6 7. Bg5 a6 8. Na3
Be7 9. Bxf6 gxf6 10. Nd5 Be6 11. Nc4 b5 12. Nce3 Qa5+ 13. c3 Rc8 14. b4 Qd8 15.
a4 Rb8 16. Bd3 Qd7 17. Qe2 Na7 18. axb5 axb5 19. Qf3 Rg8 20. Nxf6+ Bxf6 21. Qxf6
Nc6 22. Qf3 Ne7 23. Qe2 Kf8 24. Ra5 Nc6 25. Bxb5 Qc7 26. Bxc6 Qxc6 27. Qd3 Ke7
28. O-O Ra8 29. Rfa1 Rxa5 30. Rxa5 Ra8 31. Rxa8 Qxa8 32. h3 Qa1+ 33. Kh2 Qe1 34.
Qc2 h5 35. b5 h4 36. c4 Qb4 37. Nd5+ Bxd5 38. exd5 Qc5 39. Kg1 Qd4 40. Qb3 e4
41. b6 Qa1+ 42. Kh2 Qe5+ 43. g3 Qd4 44. Qe3 hxg3+ 45. Kxg3 Qg7+ 46. Kh2 Qe5+ 47.
Qg3 Qb2 48. Kg2 Qxb6 49. Qh4+ Kf8 50. Qxe4 Qd8 51. Qe3 Qf6 52. c5 Qg6+ 53. Kh2
Qf5 54. cxd6 Qxd5 55. Qe7+ Kg7 56. h4 Qd4 57. Kg3 Qd3+ 58. f3 Qb1 59. Qe3 Kf8
60. d7 Qg6+ 61. Kf2 Qc2+ 62. Qe2 Qc5+ 63. Kg2 1-0

[Event "Kvika Reykjavik Open 2022"]
[Site "Reykjavik ISL"]
[Date "2022.04.07"]
[Round "3.72"]
[White "Putz, Philippe Marco"]
[Black "Johannsdottir, Johanna Bjorg"]
[Result "0-1"]
[WhiteElo "1697"]
[BlackElo "1973"]
[WhiteFideId "16294190"]
[BlackFideId "2303108"]
[EventDate "2022.04.06"]

1. d4 g6 2. c4 Bg7 3. Nf3 d6 4. Nc3 Nc6 5. d5 Ne5 6. Nxe5 Bxe5 7. e4 Nf6 8. Qd3
Nd7 9. Be3 Nc5 10. Qd2 e6 11. g3 exd5 12. cxd5 O-O 13. Bg2 Re8 14. Bxc5 dxc5 15.
O-O Qf6 16. f4 Bd4+ 17. Kh1 Bd7 18. Ne2 Bb5 19. e5 Qb6 20. Rfd1 Ba4 21. Rdb1
Rad8 22. Nxd4 cxd4 23. b3 Bd7 24. Rc1 c6 25. Rc4 d3 26. Qxd3 cxd5 27. Rd4 Bf5
28. Qd1 Be4 29. Rc1 Rc8 30. Rxc8 Rxc8 31. Bxe4 dxe4 32. Rxe4 Qc6 33. Qe2 Rd8 34.
Kg2 Rd4 35. Kf3 Qd5 36. g4 Rd3+ 37. Qe3 Rxe3+ 38. Kxe3 Qd1 39. g5 Qg1+ 40. Kd3
Qxh2 41. Ra4 0-1